000 01300nam a22002537a 4500
999 _c59992
_d59992
003 Ge_BSU
005 20230529125410.0
008 230529s2000 ge ||||| |||| 00| 0 geo d
020 _a9992848553
041 _ageo
080 _a27-788(479.22) დ-43
100 _aდიასამიძე, ბიჭიკო
_918264
245 _aუძველესი საეკლესიო ცენტრები დასავლეთ საქართველოში /
_cბიჭიკო დიასამიძე; [რედ.: თამაზ ფუტკარაძე].
264 _aბათუმი :
_bბათუმის უნ-ტი,
_c2000.
300 _a130გვ. ;
_b20სმ.
500 _aთავფ.: ავტ. მინაწერი.
504 _aბიბლიოგრ.: გვ. 115.
520 _aრეზიუმე რუს. და ინგლ. ენ.
653 _aსაეკლესიო ცხოვრება დასავლეთ საქართველოში
653 _aსაქართველოს მართლმადიდებლური ეკლესია
700 _aფუტკარაძე, თამაზ
_eრედაქტორი
_918265
720 _e
942 _2udc
_cBK